Predictive business analytics : forward-looking capabilities to improve business performance (Record no. 282084)

MARC details
000 -LEADER
fixed length control field 00578nam a2200169Ia 4500
005 - DATE AND TIME OF LATEST TRANSACTION
control field 20241115083342.0
008 - FIXED-LENGTH DATA ELEMENTS--GENERAL INFORMATION
fixed length control field 240126s9999 xx 000 0 und d
020 ## - INTERNATIONAL STANDARD BOOK NUMBER
International Standard Book Number 9781118175569
082 ## - DEWEY DECIMAL CLASSIFICATION NUMBER
Classification number 658.4013 MAI;1
100 ## - MAIN ENTRY--PERSONAL NAME
Personal name Maisel, Lawrence S. Cokins, Gary.
245 #0 - TITLE STATEMENT
Title Predictive business analytics : forward-looking capabilities to improve business performance
260 ## - PUBLICATION, DISTRIBUTION, ETC. (IMPRINT)
Name of publisher, distributor, etc. John Wiley Sons
Place of publication, distribution, etc. New Jersey
Date of publication, distribution, etc. 2014
300 ## - PHYSICAL DESCRIPTION
Extent xx, 252
440 ## - SERIES STATEMENT/ADDED ENTRY--TITLE
Title NULL
650 ## - SUBJECT ADDED ENTRY--TOPICAL TERM
Topical term or geographic name as entry element Predictive,business,analytics,forward-looking,capabilities,improve,business,performance
942 ## - ADDED ENTRY ELEMENTS (KOHA)
Koha item type PESU Books
Holdings
Date last seen Total Checkouts Full call number Accession number Old discount Volume/Issue Number Cost, replacement price Price effective from Category Lost status Damaged status Department Withdrawn status bill no. Permanent Location Current Location Shelving location Entry date Vendor Cost, normal purchase price Grants Currency symbol Conversion rate Discount Discount type
26/01/2024   658.4013 MAI;1 PU7196 30 (06/07/1905) 2332.50 26/01/2024 PESU Books     MBA   359 Central Library Central Library MBA 01/08/2017 Surya Book Supplier 49.95 MBA USD 66.7 14.98 Rupees

© For any Suggestions or Query, please contact the library staff @ librarian@pes.edu or Phone: +9180 2672 1983/ 2108.